İnsan ve kültür/ (Record no. 14526)

MARC details
000 -BAŞLIK
Sabit Uzunlukta Kontrol Alanı 00649nam a22002297a 4500
999 ## - SİSTEM KONTROL NUMARALARI (KOHA)
Koha Biblionumber 14526
Koha Biblioitemnumber 14526
003 - KONTROL NUMARASI IDENTIFIER
Denetim Alanı MIRAKIL
005 - SON İŞLEM TARİHİ VE ZAMANI
Denetim Alanı 20210930124305.0
008 - SABİT-BOY VERİ ELEMANLARI - GENEL BİLGİLER
Sabit Uzunlukta Kontrol Alanı 210930b tu ||||| |||| 00| 0 tur d
040 ## - KATALOGLAMA KAYNAK
Orijinal Kataloglama Ajansı TR-AnCHP
Metne Dönüştürmek Ajansı TR-AnCHP
041 ## - DİL KODU
Metin / Ses Parça Veya Ayrı Başlığın Dil Kodu Tur
082 ## - DEWEY ONLU SINIFLANDIRMA NUMARASI
Sınıflandırma Numarası 301
Ürün Numarası G98i 1979
100 1# - ANA GİRİŞ - KİŞİSEL İSİM
Kişisel Ad Güvenç, Bozkurt
245 10 - BAŞLIK TABLOSU
Başlık İnsan ve kültür/
Sorumluluk Tablosu, Vb Bozkurt Güvenç.
250 ## - EDITION TABLOSU
Baskı Beyanı 3 bs.
260 ## - YAYIN, DAĞITIM, VB
Yayın, Dağıtım, Vb Yeri İstanbul:
Yayıncı, Dağıtıcı, Vs Adı Remzi Kitabevi,
Yayın, Dağıtım, Vb Tarihi 1979.
300 ## - FİZİKSEL TANIM
Kapsam 411 s.:
Diğer Fiziksel Ayrıntıları hrt.;fotg.;grf.;
Boyutlar 24 sm.
490 0# - SERİSİ TABLOSU
Seri Beyanı Büyük Fikir Kitapları Dizisi;
Hacim / Ardışık Tanımı 20.
504 ## - KAYNAKÇA VB NOT
Kaynakça Vb Notu Kaynakça vardır.
650 #0 - KONU KATMA GİRİŞ - TOPİKAL DÖNEM
9 (RLIN) 6754
Topikal Süreli Veya Coğrafi Ad Giriş Elemanı Antropoloji
650 #0 - KONU KATMA GİRİŞ - TOPİKAL DÖNEM
9 (RLIN) 6755
Topikal Süreli Veya Coğrafi Ad Giriş Elemanı Kültürel Antropoloji
942 ## - EKLENDİ GİRİŞ ELEMANLARI (KOHA)
Sınıflandırma Veya Raf Düzeni Kaynak Dewey Decimal Classification
Koha Öğesi Türü Books
Holdings
Kalıcı Konum Mevcut Konum Edinme Tarihi Toplam Check-Out'Lar Tam Çağrı Numarası Barkod Tarih Son Görülme İtibaren Geçerli Fiyatlar Sigara Kamu Notu Koha Öğesi Türü
CHP Kütüphanesi CHP Kütüphanesi 09/30/2021   301 G98i 1979 020019 09/30/2021 09/30/2021 Emin Değer Bağışıdır. Books